000 00314nam a22001217a 4500
008 171220b xxu||||| |||| 00| 0 eng d
041 _aeng
080 _a616.073
100 _a6
101 _aRAD
245 _aPRESENTIAL AT THE AND ANNUAL MEETING OF THE RADIOLOGICAL SOCIETY
_cMULLER.N.L
942 _2udc
_cBK
999 _c39243
_d39243